| 000 | 01273nam a2200325Ia 4500 | ||
|---|---|---|---|
| 001 | ebr10435013 | ||
| 003 | CaPaEBR | ||
| 006 | m u | ||
| 007 | cr cn||||||||| | ||
| 008 | 110110s2010 mdua sb 000 0 eng d | ||
| 020 | _z9780761853480 | ||
| 020 | _z9780761853497 | ||
| 040 |
_aCaPaEBR _cCaPaEBR |
||
| 035 | _a(OCoLC)698590244 | ||
| 050 | 1 | 4 |
_aGN476.15 _b.S48 2010eb |
| 100 | 1 | _aSetati, Mamokgethi. | |
| 245 | 1 | 0 |
_aAfrican mathematics _h[electronic resource] : _bfrom bones to computers / _cMamokgethi Setati, Abdul Karim Bangura. |
| 260 |
_aLanham, MD : _bUniversity Press of America, _c2010. |
||
| 300 |
_a220 p. : _bill. |
||
| 504 | _aIncludes bibliographical references. | ||
| 533 |
_aElectronic reproduction. _bPalo Alto, Calif. : _cebrary, _d2011. _nAvailable via World Wide Web. _nAccess may be limited to ebrary affiliated libraries. |
||
| 650 | 0 |
_aEthnomathematics _zAfrica. |
|
| 650 | 0 |
_aMathematics, Ancient _zAfrica. |
|
| 650 | 0 |
_aMathematics _zAfrica _xHistory. |
|
| 650 | 0 | _aSymbolism of numbers. | |
| 655 | 7 |
_aElectronic books. _2local |
|
| 700 | 1 | _aBangura, Abdul Karim. | |
| 710 | 2 | _aebrary, Inc. | |
| 856 | 4 | 0 |
_uhttp://site.ebrary.com/lib/rucke/Doc?id=10435013 _zAn electronic book accessible through the World Wide Web; click to view |
| 999 |
_c148710 _d148710 |
||